| 000 | 00625nam a2200181 a 4500 | ||
|---|---|---|---|
| 008 | 090115s2001 ||||||||||||||||| || u | ||
| 020 | _a0340799951 | ||
| 050 | _aB 1299.N3 Jak | ||
| 100 | _aJakeman, Jane | ||
| 245 | 1 | 0 | _aNewton: a beginner's guide |
| 260 |
_aLondon: _bHodder & Stoughton _c2001 |
||
| 300 | _ax, 72p.: ill. | ||
| 350 | _a0.00 | ||
| 650 | _aNEWTON, ISAAC, SIR, 1642 - 1727 | ||
| 650 | _aPHILOSOPHY, MODERN | ||
| 650 | _aPHILOSOPHY | ||
| 995 |
_D0.00 _FCBU-MAIN LIBRARY (Kitwe) _H1 _I0.00 _M1 _UAVAILABLE _WFeb 10, 2009 _ZMain Library Open Access Collection |
||
| 999 |
_c52246 _d52246 |
||